Zámer štátu znížiť výdavky na lieky narazil na odpor zahraničných výrobcov

Ambulantný liekový formulár (ALF) - vyhláška Ministerstva zdravotníctva SR - má ustrážiť výdavky na lieky. Rozporný výklad vyhlášky. Oponenti vyhlášky. Názory lekárov na ALF. Poisťovne ALF podporujú.

Salvato in:
Dettagli Bibliografici
Autore principale: Velecký, Milan
Natura: Capitolo di libro
Lingua:slovacco
Soggetti:
Tags: Aggiungi Tag
Nessun Tag, puoi essere il primo ad aggiungerne!!

MARC

LEADER 00000naa a2200000 4500
001 r032259
005 20230921084123.0
041 0 |a slo 
044 |a SK 
245 1 0 |a Zámer štátu znížiť výdavky na lieky narazil na odpor zahraničných výrobcov  |c Milan Velecký 
520 |a Ambulantný liekový formulár (ALF) - vyhláška Ministerstva zdravotníctva SR - má ustrážiť výdavky na lieky. Rozporný výklad vyhlášky. Oponenti vyhlášky. Názory lekárov na ALF. Poisťovne ALF podporujú. 
610 2 0 |a liečivá 
610 2 0 |a lekári 
610 2 0 |a poisťovne zdravotné 
610 2 0 |a zákony 
610 2 0 |a výdavky 
610 2 0 |a Ambulantný liekový formulár 
100 1 |a Velecký, Milan